|
|
|
|
| LEADER |
02408nam a2200505 4500 |
| 001 |
ocn695561395 |
| 003 |
OCoLC |
| 005 |
20170124070708.2 |
| 006 |
m o d |
| 007 |
cr cn||||||||| |
| 008 |
110107s2010 enk ob 001 0 eng d |
| 040 |
|
|
|a DG1
|b eng
|c DG1
|d YDXCP
|d DG1
|d OCLCQ
|d OCLCO
|d OCLCF
|d OCLCA
|d OCLCQ
|d COO
|d OCLCQ
|d DEBBG
|d GrThAP
|
| 020 |
|
|
|a 9780470974377
|q (electronic bk.)
|
| 020 |
|
|
|a 0470974370
|q (electronic bk.)
|
| 020 |
|
|
|a 9780470749647
|q (cloth)
|
| 020 |
|
|
|a 0470749644
|q (cloth)
|
| 024 |
7 |
|
|a 10.1002/9780470974377
|2 doi
|
| 029 |
1 |
|
|a AU@
|b 000047551140
|
| 029 |
1 |
|
|a NZ1
|b 15916220
|
| 029 |
1 |
|
|a DEBBG
|b BV043392675
|
| 035 |
|
|
|a (OCoLC)695561395
|
| 037 |
|
|
|a 10.1002/9780470974377
|b Wiley InterScience
|n http://www3.interscience.wiley.com
|
| 050 |
|
4 |
|a TK6680.3
|b .C38 2010
|
| 082 |
0 |
4 |
|a 621.389/28
|2 22
|
| 049 |
|
|
|a MAIN
|
| 100 |
1 |
|
|a Cavallaro, Andrea.
|
| 245 |
1 |
0 |
|a Video tracking :
|b theory and practice /
|c Andrea Cavallaro, Emilio Maggio.
|
| 264 |
|
1 |
|a Chichester, West Sussex, UK ;
|a Hoboken, NJ :
|b Wiley,
|c 2010.
|
| 300 |
|
|
|a pages cm
|
| 336 |
|
|
|a text
|b txt
|2 rdacontent
|
| 337 |
|
|
|a computer
|b c
|2 rdamedia
|
| 338 |
|
|
|a online resource
|b cr
|2 rdacarrier
|
| 505 |
0 |
|
|a Front Matter -- What is video tracking? -- Applications -- Feature extraction -- Target Representation -- Localisation -- Fusion -- Multi-target management -- Context modeling -- Performance evaluation -- Epilogue -- Further Reading -- Appendix A: Comparative results -- Index.
|
| 504 |
|
|
|a Includes bibliographical references and index.
|
| 533 |
|
|
|a Electronic reproduction.
|b Hoboken, N.J. :
|c Wiley InterScience,
|d 2011.
|n Mode of access: World Wide Web.
|n System requirements: Web browser.
|n Title from title screen (viewed on Jan. 4, 2011).
|n Access may be restricted to users at subscribing institutions.
|
| 650 |
|
0 |
|a Video surveillance.
|
| 650 |
|
0 |
|a Automatic tracking.
|
| 650 |
|
7 |
|a Automatic tracking.
|2 fast
|0 (OCoLC)fst00822782
|
| 650 |
|
7 |
|a Video surveillance.
|2 fast
|0 (OCoLC)fst01748635
|
| 655 |
|
4 |
|a Electronic books.
|
| 700 |
1 |
|
|a Maggio, Emilio.
|
| 710 |
2 |
|
|a Wiley InterScience (Online service)
|
| 776 |
0 |
8 |
|i Print version:
|a Cavallaro, Andrea.
|t Video tracking.
|d Chichester, West Sussex, UK ; Hoboken, NJ : Wiley, 2010
|z 9780470749647
|w (DLC) 2010026296
|w (OCoLC)648146383
|
| 856 |
4 |
0 |
|u https://doi.org/10.1002/9780470974377
|z Full Text via HEAL-Link
|
| 994 |
|
|
|a 92
|b DG1
|